[Event "PRO League Stage"]
[Site "Chess.com INT"]
[Date "2018.02.24"]
[Round "7"]
[White "Skuhala, Luka"]
[Black "Safin, Artur K"]
[Result "0-1"]
[WhiteElo "2059"]
[BlackElo "2229"]
[PlyCount "146"]
[EventDate "2018.01.18"]
[EventType "team-swiss (rapid)"]
[EventRounds "9"]
[EventCountry "USA"]
[SourceTitle "EXT 2019"]
[Source "ChessBase"]
[SourceDate "2018.10.10"]
[SourceVersion "1"]
[SourceVersionDate "2018.10.10"]
[SourceQuality "1"]
[WhiteTeam "Ljubljana Turtles"]
[BlackTeam "Dallas Destiny"]
[WhiteTeamCountry "SLO"]
[BlackTeamCountry "USA"]

1. e4 e6 2. d4 d5 3. Nc3 Bb4 4. e5 c5 5. a3 Bxc3+ 6. bxc3 Ne7 7. Qg4 0-0 8. Bd3 f5 9. exf6 Rxf6 10. Bg5 Rf7 11. Qh4 h6 12. Nf3 Nbc6 13. Bxe7 Qxe7 14. Qxe7 Rxe7 15. Bb5 e5 16. dxc5 Bg4 17. Bxc6 bxc6 18. Nd2 Rb8 19. Nb3 Bf5 20. Kd2 Reb7 21. Na5 Rb2 22. Rhc1 Bd7 23. Kd1 R8b5 24. Nb3 Bf5 25. a4 Bxc2+ 26. Rxc2 R5xb3 27. Kc1 Rxc2+ 28. Kxc2 Rb7 29. Re1 e4 30. Re3 Kf7 31. f3 Re7 32. c4 Kf6 33. cxd5 cxd5 34. Kc3 Ke5 35. f4+ Kxf4 36. Kd4 Rd7 37. Re1 Kf5 38. c6 Rd8 39. c7 Rc8 40. Kxd5 Rxc7 41. Rf1+ Kg5 42. a5 e3 43. Ke4 e2 44. Re1 Re7+ 45. Kf3 Re5 46. a6 Re6 47. Rxe2 Rxa6 48. Re7 Kg6 49. Rb7 Ra3+ 50. Kf4 Kf6 51. h4 Ra2 52. g4 Ra4+ 53. Kf3 Ra3+ 54. Kf4 g5+ 55. hxg5+ hxg5+ 56. Ke4 Ra4+ 57. Kf3 Ra5 58. Rc7 Ke5 59. Rd7 Ra3+ 60. Kg2 a6 61. Kf2 Ke4 62. Rf7 Ra5 63. Kg3 Re5 64. Ra7 a5 65. Ra6 Kd4 66. Kf3 Kc4 67. Rb6 a4 68. Rf6 a3 69. Rf5 Rxf5+ 70. gxf5 a2 71. f6 a1Q 72. f7 Qf1+ 73. Kg3 Qxf7 0-1

[Event "PRO League Stage"]
[Site "Chess.com INT"]
[Date "2018.02.14"]
[Round "6"]
[White "Klein, David"]
[Black "Skuhala, Luka"]
[Result "1-0"]
[WhiteElo "2501"]
[BlackElo "2059"]
[PlyCount "113"]
[EventDate "2018.01.18"]
[EventType "team-swiss (rapid)"]
[EventRounds "9"]
[EventCountry "USA"]
[SourceTitle "CBM 182 Extra"]
[Source "ChessBase"]
[SourceDate "2018.02.23"]
[SourceVersion "1"]
[SourceVersionDate "2018.02.23"]
[SourceQuality "1"]
[WhiteTeam "Amsterdam Mosquitos"]
[BlackTeam "Ljubljana Turtles"]
[WhiteTeamCountry "NED"]
[BlackTeamCountry "SLO"]

1. e4 c5 2. Nf3 d6 3. c3 Nf6 4. Be2 Bd7 5. d3 Bc6 6. 0-0 g6 7. e5 dxe5 8. Nxe5 Bd5 9. c4 Bc6 10. Be3 e6 11. Nc3 Bd6 12. d4 Qc7 13. Nxc6 bxc6 14. g3 Nbd7 15. d5 exd5 16. cxd5 cxd5 17. Nxd5 Nxd5 18. Qxd5 Nb6 19. Bb5+ Kf8 20. Bh6+ Kg8 21. Qf3 Bf8 22. Bf4 Bd6 23. Bg5 Be7 24. Bxe7 Qxe7 25. Rfe1 Qc7 26. Qf6 Rf8 27. Rad1 h5 28. Re7 Qc8 29. Bd7 Nxd7 30. Rdxd7 Rh7 31. h4 Rg7 32. b3 a5 33. Qd6 g5 34. hxg5 Rxg5 35. Qh6 Rg7 36. Qxh5 Rd8 37. Qe5 Rf8 38. Rc7 Qa8 39. Qe4 Qa6 40. Re8 Rxe8 41. Qxe8+ Kh7 42. Qe4+ Kh8 43. Rxc5 Rg6 44. Qd4+ Kg8 45. Rd5 Rf6 46. Rg5+ Rg6 47. Qd8+ Kg7 48. Qxa5 Qd3 49. Qe5+ Kg8 50. Rxg6+ fxg6 51. Qb8+ Kh7 52. Qb7+ Kh8 53. Kg2 Qc2 54. a4 Qd1 55. a5 g5 56. a6 g4 57. a7 1-0

[Event "PRO League Stage"]
[Site "Chess.com INT"]
[Date "2018.02.03"]
[Round "4"]
[White "Skuhala, Luka"]
[Black "Prithu, Gupta"]
[Result "1-0"]
[WhiteElo "2059"]
[BlackElo "2373"]
[PlyCount "111"]
[EventDate "2018.01.18"]
[EventType "team-swiss (rapid)"]
[EventRounds "9"]
[EventCountry "USA"]
[SourceTitle "CBM 182 Extra"]
[Source "ChessBase"]
[SourceDate "2018.02.23"]
[SourceVersion "1"]
[SourceVersionDate "2018.02.23"]
[SourceQuality "1"]
[WhiteTeam "Ljubljana Turtles"]
[BlackTeam "Delhi Dynamite"]
[WhiteTeamCountry "SLO"]
[BlackTeamCountry "IND"]

1. e4 e5 2. Nf3 Nc6 3. Bc4 Nf6 4. d3 Bc5 5. 0-0 0-0 6. Re1 d6 7. c3 a6 8. Bb3 Ba7 9. Nbd2 Ne7 10. Nf1 Ng6 11. Ng3 Be6 12. Bc2 d5 13. exd5 Nxd5 14. Nxe5 Nxe5 15. Rxe5 Bxf2+ 16. Kxf2 Qf6+ 17. Kg1 Qxe5 18. d4 Qf6 19. Qd3 Qg6 20. Qd2 f5 21. c4 Nf6 22. d5 Bd7 23. Qf4 Rae8 24. Bd2 Ne4 25. Nxe4 fxe4 26. Qe3 b5 27. c5 Bg4 28. Bb3 Bf3 29. Qg5 Be2 30. Qxg6 hxg6 31. d6+ Kh7 32. d7 Re5 33. c6 Bc4 34. Bc2 e3 35. Bb4 e2 36. h4 Rf1+ 37. Kh2 Rd5 38. Re1 Rxe1 39. Bxe1 Rd6 40. Be4 Bxa2 41. Kg3 Be6 42. Kf2 Bxd7 43. cxd7 Rxd7 44. h5 Kh6 45. Bxg6 Kg5 46. Kxe2 Kg4 47. Bc3 Kg3 48. Be5+ Kxg2 49. Be4+ Kg1 50. b4 Re7 51. Bd4+ Kh2 52. Kf3 Kh3 53. Bf5+ Kh4 54. h6 Rf7 55. hxg7 Rxf5+ 56. Ke4 1-0

[Event "PRO League Stage"]
[Site "Chess.com INT"]
[Date "2018.01.31"]
[Round "3"]
[White "Skuhala, Luka"]
[Black "Thorhallsson, Throstur"]
[Result "1/2-1/2"]
[WhiteElo "2059"]
[BlackElo "2418"]
[PlyCount "111"]
[EventDate "2018.01.18"]
[EventType "team-swiss (rapid)"]
[EventRounds "9"]
[EventCountry "USA"]
[SourceTitle "CBM 182 Extra"]
[Source "ChessBase"]
[SourceDate "2018.02.23"]
[SourceVersion "1"]
[SourceVersionDate "2018.02.23"]
[SourceQuality "1"]
[WhiteTeam "Ljubljana Turtles"]
[BlackTeam "Reykjavik Puffins"]
[WhiteTeamCountry "SLO"]
[BlackTeamCountry "ISL"]

1. e4 d5 2. exd5 Nf6 3. Bb5+ Bd7 4. Bc4 b5 5. Bb3 Bg4 6. f3 Bc8 7. a4 b4 8. c4 c6 9. d4 cxd5 10. c5 Ba6 11. Ne2 Nc6 12. Be3 Na5 13. Nd2 g6 14. Rc1 Bg7 15. 0-0 0-0 16. Re1 Ne8 17. Bc2 Nc7 18. b3 Ne6 19. Nf1 Nc6 20. Nfg3 Bxe2 21. Nxe2 f5 22. f4 Nc7 23. g3 Ne8 24. Bd3 Nf6 25. Kg2 Ne4 26. Bxe4 fxe4 27. Qd2 a5 28. g4 Qd7 29. h3 Rf7 30. Rcd1 Raf8 31. Rf1 Nd8 32. Ng3 Qc6 33. Rf2 Qa6 34. Rdf1 e6 35. h4 Nc6 36. Rd1 Bh6 37. g5 Bg7 38. h5 Ne7 39. Rh1 Nf5 40. Nxf5 Rxf5 41. Kg3 Qc8 42. Qe2 Qc7 43. Qg4 Kf7 44. Kg2 Qc8 45. h6 Bh8 46. Qe2 Kg8 47. Qb5 e5 48. dxe5 Bxe5 49. fxe5 Rxf2+ 50. Bxf2 Qg4+ 51. Bg3 Qf3+ 52. Kh2 Qh5+ 53. Kg2 Qf3+ 54. Kh2 Qh5+ 55. Kg2 Qf3+ 56. Kh2 1/2-1/2

[Event "PRO League Stage"]
[Site "Chess.com INT"]
[Date "2018.01.18"]
[Round "1"]
[White "Skuhala, Luka"]
[Black "Connell, Blair N"]
[Result "1-0"]
[WhiteElo "2059"]
[BlackElo "2234"]
[PlyCount "117"]
[EventDate "2018.01.18"]
[EventType "team-swiss (rapid)"]
[EventRounds "9"]
[EventCountry "USA"]
[SourceTitle "CBM 182 Extra"]
[Source "ChessBase"]
[SourceDate "2018.02.23"]
[SourceVersion "1"]
[SourceVersionDate "2018.02.23"]
[SourceQuality "1"]
[WhiteTeam "Ljubljana Turtles"]
[BlackTeam "London Towers"]
[WhiteTeamCountry "SLO"]
[BlackTeamCountry "ENG"]

1. e4 e6 2. d4 d5 3. e5 c5 4. c3 Nc6 5. Nf3 Qb6 6. a3 Bd7 7. b4 cxd4 8. cxd4 Rc8 9. Bb2 Nge7 10. Nbd2 Nf5 11. Nb3 Be7 12. Bd3 0-0 13. 0-0 Nb8 14. Qe2 Qd8 15. Rac1 b6 16. Rc2 Ba4 17. Rxc8 Qxc8 18. Rc1 Qd7 19. Nbd2 Bc6 20. b5 Bb7 21. Bxf5 exf5 22. e6 fxe6 23. Ne5 Qd8 24. Nc6 Bxc6 25. Qxe6+ Kh8 26. bxc6 Qc7 27. Qxd5 Rf6 28. Nf3 Rxc6 29. Rxc6 Qxc6 30. Qxf5 Nd7 31. d5 Qd6 32. Ne5 Nxe5 33. Bxe5 Qxa3 34. h3 h6 35. Qg6 Qc1+ 36. Kh2 Qg5 37. Qe6 Bd8 38. f4 Qe7 39. Qxh6+ Kg8 40. Qc6 Kf7 41. d6 Qe6 42. Qb7+ Ke8 43. Qxa7 b5 44. Qxg7 b4 45. h4 b3 46. d7+ Qxd7 47. Qg8+ Ke7 48. Qxb3 Qg4 49. Qg3 Qe2 50. Qg7+ Ke6 51. Qg6+ Kd5 52. Qd6+ Ke4 53. Qd4+ Kf5 54. Qxd8 Ke4 55. Qd4+ Kf5 56. Qd7+ Ke4 57. Qh7+ Kd5 58. Qf5 Kc6 59. h5 1-0

[Event "Podturen Mavrin Memorial 6th"]
[Site "Podturen"]
[Date "2018.01.07"]
[Round "6"]
[White "Skuhala, Luka"]
[Black "Murko, David"]
[Result "0-1"]
[WhiteElo "2059"]
[BlackElo "2116"]
[PlyCount "72"]
[EventDate "2018.01.04"]
[EventType "swiss"]
[EventRounds "7"]
[EventCountry "CRO"]
[SourceTitle "CBM 182 Extra"]
[Source "ChessBase"]
[SourceDate "2018.02.23"]
[SourceVersion "1"]
[SourceVersionDate "2018.02.23"]
[SourceQuality "1"]

1. e4 c5 2. Nf3 d6 3. d4 cxd4 4. Nxd4 Nf6 5. Nc3 g6 6. Be3 Bg7 7. f3 Nc6 8. Qd2 0-0 9. Bc4 Bd7 10. 0-0-0 Rc8 11. Bb3 Nxd4 12. Bxd4 b5 13. a3 a5 14. e5 dxe5 15. Bxe5 Bc6 16. Qe3 Qe8 17. Bxf6 Bxf6 18. Nd5 Bxd5 19. Rxd5 Qc6 20. Qd3 Rb8 21. c3 b4 22. axb4 axb4 23. c4 Bg7 24. Re1 Qf6 25. Re2 Ra8 26. Kb1 Qa6 27. Kc1 Qa7 28. Bd1 Rfc8 29. Qb3 Qa1+ 30. Kd2 Bxb2 31. Ke1 Bc3+ 32. Kf2 Ra3 33. Qc2 Rxc4 34. Kf1 Bd4 35. Qxc4 Qxd1+ 36. Re1 Rxf3+ 0-1

[Event "Podturen Mavrin Memorial 6th"]
[Site "Podturen"]
[Date "2018.01.07"]
[Round "7"]
[White "Skuhala, Luka"]
[Black "Sardi, Darko"]
[Result "1-0"]
[WhiteElo "2059"]
[BlackElo "1868"]
[PlyCount "125"]
[EventDate "2018.01.04"]
[EventType "swiss"]
[EventRounds "7"]
[EventCountry "CRO"]
[SourceTitle "CBM 182 Extra"]
[Source "ChessBase"]
[SourceDate "2018.02.23"]
[SourceVersion "1"]
[SourceVersionDate "2018.02.23"]
[SourceQuality "1"]

1. e4 Nf6 2. e5 Nd5 3. d4 d6 4. Nf3 Bg4 5. Bc4 e6 6. h3 Bh5 7. Bb3 Nc6 8. exd6 Bxd6 9. c3 0-0 10. 0-0 Na5 11. Bc2 Bf4 12. Nbd2 Nc6 13. Ne4 Bg6 14. Nc5 Bxc1 15. Qxc1 Bxc2 16. Qxc2 b6 17. Ne4 h6 18. Rad1 Nf6 19. Ng3 Ne7 20. Ne5 c6 21. f4 Qc7 22. f5 c5 23. fxe6 fxe6 24. Qe2 Rad8 25. dxc5 Qxc5+ 26. Kh1 Rxd1 27. Rxd1 Qc8 28. Nd7 Re8 29. Qxe6+ Kh8 30. Qd6 Ned5 31. Nxf6 Nxf6 32. Qd3 Qe6 33. Qg6 Ne4 34. Qxe4 Qxe4 35. Nxe4 Rxe4 36. Rd2 Re7 37. Kg1 Kg8 38. Kf2 Kf7 39. Kf3 Kf6 40. Rd6+ Ke5 41. Rd4 Rc7 42. Ke3 g6 43. Re4+ Kf6 44. c4 h5 45. b4 g5 46. Rd4 Re7+ 47. Kf3 Rc7 48. h4 gxh4 49. Rxh4 Kg5 50. Rd4 Rf7+ 51. Ke2 h4 52. c5 Rc7 53. Rc4 Re7+ 54. Kf3 Rf7+ 55. Ke3 bxc5 56. bxc5 Re7+ 57. Re4 Rf7 58. c6 Rc7 59. Rc4 Kf5 60. Kd4 Ke6 61. Kc5 Rg7 62. Re4+ Kf5 63. Re2 1-0

[Event "SLO-chT1 East"]
[Site "Slovenia"]
[Date "2017.11.26"]
[Round "9"]
[White "Zupe, Miran"]
[Black "Skuhala, Luka"]
[Result "1/2-1/2"]
[WhiteElo "2266"]
[BlackElo "2114"]
[PlyCount "52"]
[EventDate "2017.09.29"]
[EventType "team-tourn"]
[EventRounds "9"]
[EventCountry "SLO"]
[SourceTitle "EXT 2019"]
[Source "ChessBase"]
[SourceDate "2018.10.10"]
[SourceVersion "1"]
[SourceVersionDate "2018.10.10"]
[SourceQuality "1"]
[WhiteTeam "Maribor Branik"]
[BlackTeam "Pomgrad Radenska II"]
[WhiteTeamCountry "SLO"]
[BlackTeamCountry "SLO"]

1. e4 c5 2. Nf3 d6 3. d4 cxd4 4. Qxd4 a6 5. c4 Nc6 6. Qe3 Nf6 7. h3 g6 8. Nc3 Bg7 9. Be2 0-0 10. 0-0 Be6 11. Bd2 Rc8 12. b3 Nd7 13. Rac1 Nde5 14. Rfd1 Nxf3+ 15. Bxf3 Nd4 16. Be1 Nxf3+ 17. Qxf3 Bd7 18. Qe2 Re8 19. Qd3 Bc6 20. Bd2 Qc7 21. Nd5 Qb8 22. Nb6 Rcd8 23. Nd5 Rc8 24. Nb6 Rcd8 25. Nd5 Rc8 26. Nb6 Rcd8 1/2-1/2

[Event "SLO-chT1 East"]
[Site "Slovenia"]
[Date "2017.10.01"]
[Round "3"]
[White "Blazinc, Joze"]
[Black "Skuhala, Luka"]
[Result "0-1"]
[WhiteElo "1740"]
[BlackElo "2114"]
[PlyCount "96"]
[EventDate "2017.09.29"]
[EventType "team-tourn"]
[EventRounds "9"]
[EventCountry "SLO"]
[SourceTitle "EXT 2019"]
[Source "ChessBase"]
[SourceDate "2018.10.10"]
[SourceVersion "1"]
[SourceVersionDate "2018.10.10"]
[SourceQuality "1"]
[WhiteTeam "Brezice"]
[BlackTeam "Pomgrad Radenska II"]
[WhiteTeamCountry "SLO"]
[BlackTeamCountry "SLO"]

1. c4 Nf6 2. Nc3 e6 3. e4 d5 4. e5 d4 5. exf6 dxc3 6. bxc3 Qxf6 7. d4 c5 8. Nf3 h6 9. Be2 Nc6 10. 0-0 Be7 11. Be3 0-0 12. Qc2 e5 13. dxe5 Nxe5 14. Nxe5 Qxe5 15. Bf3 Bd6 16. g3 Qf6 17. Bd5 Rb8 18. Qa4 a6 19. Qa3 b6 20. Rfd1 a5 21. Qb3 Bg4 22. Rd2 Rfe8 23. Rb1 Be5 24. Rc1 Rbd8 25. Bg2 Rxd2 26. Bxd2 Rd8 27. Be3 Rd3 28. h3 Bf3 29. Qb1 Rd6 30. Qc2 Rd7 31. Kh2 Bxg2 32. Kxg2 Qc6+ 33. Kg1 Qf3 34. Qa4 Rd8 35. Re1 Bxc3 36. Rc1 Be5 37. Re1 Qf6 38. Qb3 Kh7 39. Rd1 Rxd1+ 40. Qxd1 g6 41. Qd2 Qe6 42. Bxh6 Qxc4 43. h4 Qd4 44. Qg5 Bf6 45. Qc1 Qa1 46. a4 Qxa4 47. Kh2 Qa1 48. Qf4 Qd4 0-1

[Event "SLO-chT U20"]
[Site "Murska Sobota"]
[Date "2017.08.29"]
[Round "6"]
[White "Murko, David"]
[Black "Skuhala, Luka"]
[Result "0-1"]
[WhiteElo "2075"]
[BlackElo "2114"]
[PlyCount "114"]
[EventDate "2017.08.26"]
[EventType "tourn"]
[EventRounds "7"]
[EventCountry "SLO"]
[SourceTitle "EXT 2022"]
[Source "ChessBase"]
[SourceDate "2021.10.06"]
[SourceVersion "1"]
[SourceVersionDate "2021.10.06"]
[SourceQuality "1"]

1. e4 c5 2. Nf3 d6 3. d4 cxd4 4. Nxd4 Nf6 5. Nc3 a6 6. Bg5 e6 7. f4 h6 8. Bh4 Be7 9. Qf3 Qc7 10. 0-0-0 Nbd7 11. Qg3 g5 12. fxg5 Rg8 13. Be2 Nh7 14. Bh5 Ne5 15. Nf3 hxg5 16. Nxe5 dxe5 17. Rhf1 Nf6 18. Bxf7+ Kxf7 19. Bxg5 Rg6 20. Qh4 Kg7 21. Rd3 Ng8 22. Rg3 Bxg5+ 23. Rxg5 Qe7 24. Rxg6+ Kxg6 25. Qh3 Bd7 26. Rf3 Nh6 27. Rg3+ Kh7 28. Qh5 Qf6 29. Rf3 Qg6 30. Qxe5 Qxg2 31. Rd3 Qf1+ 32. Rd1 Qf7 33. Ne2 Rf8 34. Ng3 Bc6 35. Nh5 Ng4 36. Qg5 Qg6 37. Qh4 Qh6+ 38. Kb1 Nf6 39. Nxf6+ Rxf6 40. Qg3 Qf4 41. Qa3 Qf3 42. Qe7+ Kh6 43. Re1 Qf2 44. Rc1 Bxe4 45. b3 Bd5 46. Qd8 Rf8 47. Qd6 Qf4 48. Qe7 Qf6 49. Qd6 Rg8 50. Rd1 Qf5 51. Rd4 Rg4 52. Rd3 Rg1+ 53. Kb2 Rg2 54. Rc3 Qf6 55. Qc7 Rf2 56. Ka3 Qf8+ 57. b4 Rf3 0-1